<?xml version="1.0" encoding="UTF-8"?>
<record
    xmlns:xsi="http://www.w3.org/2001/XMLSchema-instance"
    xsi:schemaLocation="http://www.loc.gov/MARC21/slim http://www.loc.gov/standards/marcxml/schema/MARC21slim.xsd"
    xmlns="http://www.loc.gov/MARC21/slim">

  <leader>01790nam a22002777a 4500</leader>
  <controlfield tag="001">1347</controlfield>
  <controlfield tag="005">20230818130900.0</controlfield>
  <controlfield tag="008">230818b        cb ||||| |||| 00| 0 khr d</controlfield>
  <datafield tag="020" ind1=" " ind2=" ">
    <subfield code="a">9789924341666</subfield>
  </datafield>
  <datafield tag="040" ind1=" " ind2=" ">
    <subfield code="a">FISKH</subfield>
    <subfield code="b">eng</subfield>
    <subfield code="c">FISKH</subfield>
    <subfield code="d">FISKH</subfield>
  </datafield>
  <datafield tag="082" ind1=" " ind2=" ">
    <subfield code="a">398.209519</subfield>
  </datafield>
  <datafield tag="100" ind1=" " ind2=" ">
    <subfield code="a">Sodany, Ouchc</subfield>
  </datafield>
  <datafield tag="245" ind1=" " ind2=" ">
    <subfield code="a">&#x1793;&#x17B6;&#x1799;&#x1782;&#x1798; &#x1780;&#x17C6;&#x1796;&#x17C0;&#x1785; / </subfield>
    <subfield code="b">&#x179A;&#x17BF;&#x1784;&#x1796;&#x17D2;&#x179A;&#x17C1;&#x1784;&#x1780;&#x17BC;&#x179A;&#x17C9;&#x17C1;&#x17C8; </subfield>
    <subfield code="c">&#x1782;&#x17BC;&#x179A;&#x179A;&#x17BC;&#x1794;&#x178A;&#x17C4;&#x1799;&#x200B;&#x200B;&#x200B; &#x179F;&#x17CA;&#x17B7;&#x1793; &#x1792;&#x17BC;&#x1780;&#x178E;&#x17B6;&#x200B; </subfield>
  </datafield>
  <datafield tag="260" ind1=" " ind2=" ">
    <subfield code="a">Phnom Penh : </subfield>
    <subfield code="b">Sipar, </subfield>
    <subfield code="c">2022. </subfield>
  </datafield>
  <datafield tag="300" ind1=" " ind2=" ">
    <subfield code="a">39 pages :  </subfield>
    <subfield code="b">color illustrations ; </subfield>
    <subfield code="c">25 cm</subfield>
  </datafield>
  <datafield tag="490" ind1=" " ind2=" ">
    <subfield code="a">&#x1781;&#x17D2;&#x1789;&#x17BB;&#x17C6;&#x1785;&#x1784;&#x17CB;&#x17A2;&#x17B6;&#x1793; </subfield>
  </datafield>
  <datafield tag="505" ind1=" " ind2=" ">
    <subfield code="a">P 

</subfield>
  </datafield>
  <datafield tag="520" ind1=" " ind2=" ">
    <subfield code="a">&#x1793;&#x17B6;&#x1799;&#x1782;&#x1798;&#x1787;&#x17B6;&#x1780;&#x17D2;&#x1798;&#x17C1;&#x1784;&#x178A;&#x17C2;&#x179B;&#x1798;&#x17B6;&#x1793;&#x1787;&#x17BE;&#x1784;&#x1798;&#x17D2;&#x1781;&#x17B6;&#x1784;&#x1781;&#x17D2;&#x179B;&#x17B8;&#x1798;&#x17D2;&#x1781;&#x17B6;&#x1784;&#x179C;&#x17C2;&#x1784; &#x178F;&#x17C2;&#x1782;&#x17C1;&#x1798;&#x17B6;&#x1793;&#x1794;&#x17D2;&#x179A;&#x17B6;&#x1787;&#x17D2;&#x1789;&#x17B6;&#x1788;&#x17D2;&#x179B;&#x17B6;&#x179F;&#x179C;&#x17C3;&#x178E;&#x17B6;&#x179F;&#x17CB; &#x1790;&#x17D2;&#x1784;&#x17C3;&#x1798;&#x17BD;&#x1799;&#x1782;&#x17C1;&#x1794;&#x17B6;&#x1793;&#x1797;&#x17D2;&#x1793;&#x17B6;&#x179B;&#x17CB;&#x1782;&#x17D2;&#x1793;&#x17B6;&#x1787;&#x17B6;&#x1798;&#x17BD;&#x1799;&#x1788;&#x17D2;&#x1798;&#x17BD;&#x1789;&#x1798;&#x17D2;&#x1793;&#x17B6;&#x1780;&#x17CB;&#x1788;&#x17D2;&#x1798;&#x17C4;&#x17C7;&#x179B;&#x17C4;&#x1780;&#x17A0;&#x17BB;&#x1784;&#x17D4; &#x1785;&#x17BB;&#x1784;&#x1780;&#x17D2;&#x179A;&#x17C4;&#x1799;&#x1782;&#x17C1;&#x1780;&#x17CF;&#x1794;&#x17B6;&#x1793;&#x1788;&#x17D2;&#x1793;&#x17C7;&#x17A0;&#x17BE;&#x1799;&#x1791;&#x1791;&#x17BD;&#x179B;&#x1794;&#x17B6;&#x1793;&#x1780;&#x17BC;&#x1793;&#x179F;&#x17D2;&#x179A;&#x17B8;&#x178A;&#x17CF;&#x179F;&#x17D2;&#x179A;&#x179F;&#x17CB;&#x179F;&#x17D2;&#x17A2;&#x17B6;&#x178F;&#x179A;&#x1794;&#x179F;&#x17CB;&#x179B;&#x17C4;&#x1780;&#x17A0;&#x17BB;&#x1784; &#x17A0;&#x17BE;&#x1799;&#x1794;&#x17B6;&#x1793;&#x179A;&#x17C0;&#x1794;&#x1780;&#x17B6;&#x179A;&#x179A;&#x179F;&#x17CB;&#x1793;&#x17C5;&#x1799;&#x17C9;&#x17B6;&#x1784;&#x1798;&#x17B6;&#x1793;&#x1780;&#x17D2;&#x178A;&#x17B8;&#x179F;&#x17BB;&#x1781;&#x17D4;</subfield>
  </datafield>
  <datafield tag="520" ind1=" " ind2=" ">
    <subfield code="a">Kom is a boy who has one leg short and one long, but he is very smart. One day, he bet with a businessman named Mr. Hong. He finally won and got Mr. Hong's beautiful daughter, married and living happily. </subfield>
  </datafield>
  <datafield tag="521" ind1=" " ind2=" ">
    <subfield code="a">650 

</subfield>
    <subfield code="b">Lexile estimate

</subfield>
  </datafield>
  <datafield tag="521" ind1=" " ind2=" ">
    <subfield code="a">P 

</subfield>
    <subfield code="b">Raz-Plus 

</subfield>
  </datafield>
  <datafield tag="650" ind1=" " ind2=" ">
    <subfield code="a">Bet </subfield>
    <subfield code="v">Love </subfield>
    <subfield code="x">Beautiful </subfield>
    <subfield code="y">Win </subfield>
  </datafield>
  <datafield tag="650" ind1=" " ind2=" ">
    <subfield code="a">&#x1797;&#x17D2;&#x1793;&#x17B6;&#x179B;&#x17CB; </subfield>
    <subfield code="v">&#x179F;&#x17D2;&#x179A;&#x179B;&#x17B6;&#x1789;&#x17CB; </subfield>
    <subfield code="x">&#x179F;&#x17D2;&#x179A;&#x179F;&#x17CB;&#x179F;&#x17D2;&#x17A2;&#x17B6;&#x178F; </subfield>
    <subfield code="y">&#x1788;&#x17D2;&#x1793;&#x17C7;</subfield>
  </datafield>
  <datafield tag="700" ind1=" " ind2=" ">
    <subfield code="a">Thoukna, Sin </subfield>
    <subfield code="c">illustrator </subfield>
  </datafield>
  <datafield tag="942" ind1=" " ind2=" ">
    <subfield code="2">ddc</subfield>
    <subfield code="c">BK</subfield>
    <subfield code="n">0</subfield>
  </datafield>
  <datafield tag="999" ind1=" " ind2=" ">
    <subfield code="c">1347</subfield>
    <subfield code="d">1347</subfield>
  </datafield>
  <datafield tag="952" ind1=" " ind2=" ">
    <subfield code="0">0</subfield>
    <subfield code="1">0</subfield>
    <subfield code="2">ddc</subfield>
    <subfield code="4">0</subfield>
    <subfield code="7">0</subfield>
    <subfield code="8">KH</subfield>
    <subfield code="a">001</subfield>
    <subfield code="b">001</subfield>
    <subfield code="c">KHRS</subfield>
    <subfield code="d">2023-08-18</subfield>
    <subfield code="l">0</subfield>
    <subfield code="o">SOD 398.209519</subfield>
    <subfield code="p">2023-0293</subfield>
    <subfield code="r">2023-08-18 12:28:29</subfield>
    <subfield code="t">1</subfield>
    <subfield code="w">2023-08-18</subfield>
    <subfield code="y">BK</subfield>
  </datafield>
  <datafield tag="952" ind1=" " ind2=" ">
    <subfield code="0">0</subfield>
    <subfield code="1">0</subfield>
    <subfield code="2">ddc</subfield>
    <subfield code="4">0</subfield>
    <subfield code="7">0</subfield>
    <subfield code="8">KH</subfield>
    <subfield code="a">001</subfield>
    <subfield code="b">001</subfield>
    <subfield code="c">KHRS</subfield>
    <subfield code="d">2023-08-18</subfield>
    <subfield code="l">1</subfield>
    <subfield code="o">SOD 398.209519</subfield>
    <subfield code="p">2023-0294</subfield>
    <subfield code="r">2025-06-09 14:36:45</subfield>
    <subfield code="s">2025-02-14</subfield>
    <subfield code="t">2</subfield>
    <subfield code="w">2023-08-18</subfield>
    <subfield code="y">BK</subfield>
  </datafield>
</record>
